00550nam a2200193Ia 450000500170000000800410001702000230005804000190008104100120010008200160011210000180012824500690014625000580021526000230027330000110029665000140030770000240032185000110034520240425134919.0131103s9999 xx 000 0 und d a817755946xcRs.695 aLoreto College aEnglish a371.3 bKID aKiddle, Henry aHow to Teachb cHenry Kiddle, Thomas F Harrison and N A Calkins aa guided course of instruction and manual of methods  aDelhibCosmoc2005 a309p.  aEducation aHarrison, Thomas F  aLCBED